Dinosaures par images - Ankylosaures - Statistiques

Statistiques générales
  • Ce quiz a été pris 13 fois
  • Le résultat moyen est 13 sur 71
Statistiques - réponses
Par images Réponse % Correct
Ankylosaurus
100%
Euoplocephalus
92%
Minmi
67%
Antarctopelta
58%
Gastonia
58%
Nodosaurus
58%
Saichania
58%
Sauropelta
58%
Tarchia
58%
Borealopelta
50%
Edmontonia
50%
Gargoyleosaurus
42%
Pinacosaurus
42%
Polacanthus
42%
Hylaeosaurus
25%
Stegouros
25%
Struthiosaurus
25%
Talarurus
25%
Zuul
25%
Aletopelta
17%
Animantarx
17%
Anodontosaurus
17%
Gobisaurus
17%
Nodocephalosaurus
17%
Panoplosaurus
17%
Spicomellus
17%
Ahshislepelta
8%
Akainacephalus
8%
Bissektipelta
8%
Datai
8%
Denversaurus
8%
Dracopelta
8%
Invictarx
8%
Jinyunpelta
8%
Kunbarrasaurus
8%
Liaoningosaurus
8%
Minotaurasaurus
8%
Mymoorapelta
8%
Patagopelta
8%
Pawpawsaurus
8%
Platypelta
8%
Propanoplosaurus
8%
Scolosaurus
8%
Shamosaurus
8%
Stegopelta
8%
Zaraapelta
8%
Ziapelta
8%
Acantholipan
0%
Anoplosaurus
0%
Cedarpelta
0%
Chuanqilong
0%
Crichtonpelta
0%
Dongyangopelta
0%
Dyoplosaurus
0%
Europelta
0%
Glyptodontopelta
0%
Hoplitosaurus
0%
Huaxiazhoulong
0%
Hungarosaurus
0%
Niobrarasaurus
0%
Oohkotokia
0%
Peloroplites
0%
Sarcolestes
0%
Sauroplites
0%
Silvisaurus
0%
Taohelong
0%
Tatankacephalus
0%
Texasetes
0%
Tsagantegia
0%
Vectipelta
0%
Zhongyuansaurus
0%
Aucun quiz correspondant
Distribution des résultats
% des personnes avec chaque résultat
Percentile par nombre de réponses
Votre historique - résultats
Vous n’avez pas pris ce quiz